| 000 | 01409cam a2200385 a 4500 | ||
|---|---|---|---|
| 001 | 13858767 | ||
| 003 | OSt | ||
| 005 | 20150408113723.0 | ||
| 008 | 050202s2004 nyua 001 0 eng d | ||
| 010 | _a 2005271144 | ||
| 020 | _a0072255005 (pbk.) | ||
| 035 | _a(OCoLC)ocm54844838 | ||
| 040 |
_aP@N _cP@N _dOCLCQ _dDLC |
||
| 042 | _alccopycat | ||
| 050 | 0 | 0 |
_aQA76.76.O63 _bH35577 2004 |
| 082 | 0 | 0 |
_a005.4/3 _222 |
| 100 | 1 |
_aHart-Davis, Guy. _94691 |
|
| 245 | 1 | 0 |
_aWindows XP and Office 2003 : _bkeyboard shortcuts / _cGuy Hart-Davis. |
| 246 | 3 | 0 | _aMicrosoft Windows XP |
| 246 | 3 | 0 | _aWindows XP |
| 246 | 3 | 0 | _aMicrosoft Office 2003 |
| 246 | 3 | 0 | _aOffice 2003 |
| 246 | 3 | 0 | _aKeyboard shortcuts |
| 260 |
_aNew York : _bMcGraw-Hill/Osborne, _cc2004. |
||
| 300 |
_avii, 184 p. : _bill. ; _c23 cm. |
||
| 500 | _aIncludes index. | ||
| 630 | 0 | 0 |
_aMicrosoft Windows (Computer file) _94692 |
| 630 | 0 | 0 |
_aMicrosoft Office. _93981 |
| 650 | 0 |
_aOperating systems (Computers) _94005 |
|
| 856 | 4 | 2 |
_3Publisher description _uhttp://www.loc.gov/catdir/enhancements/fy0626/2005271144-d.html |
| 856 | 4 | 1 |
_3Table of contents only _uhttp://www.loc.gov/catdir/enhancements/fy0626/2005271144-t.html |
| 906 |
_a7 _bcbc _ccopycat _d2 _encip _f20 _gy-gencatlg |
||
| 942 |
_2ddc _cBOOK |
||
| 999 |
_c852 _d235352 |
||